000 00334nam a22001457a 4500
005 20160630095038.0
008 160630b xxu||||| |||| 00| 0 eng d
041 _aeng
082 _b10917
245 _aIndias financial sector an assessment
260 _bCombridge
_c2009
300 _a582
650 _aManagement
_9241
942 _cBK
999 _c4823
_d4821